Представление документа в формате MARC21

ПолеНазваниеЗначение
  Тип записи a
  Библиографический уровень m
001 Контрольный номер RU\infra-m\znanium\bibl\2244508
005 Дата корректировки 20260429142103.0
008 Кодируемые данные 260226s2026 RU g rus u
020 Индекс ISBN __
a ISBN 978-5-7782-5420-6
040 Источник каталогиз. __
a Служба первич. каталог. Общество с ограниченной ответственностью «ЗНАНИУМ»
041 Код языка издания __
a Код языка текста rus
044 Код страны публикации __
a Код страны публикации RU
080 Индекс УДК __
a Индекс УДК 538
084 Индекс другой классификации/Индекс ББК __
2 Источник индекса rubbk
a Индекс другой классификации/Индекс ББК 223
084 Индекс другой классификации/Индекс ББК __
2 Источник индекса okso
a Индекс другой классификации/Индекс ББК 03.06.01
084 Индекс другой классификации/Индекс ББК __
2 Источник индекса okso
a Индекс другой классификации/Индекс ББК 11.03.04
084 Индекс другой классификации/Индекс ББК __
2 Источник индекса okso
a Индекс другой классификации/Индекс ББК 11.06.01
084 Индекс другой классификации/Индекс ББК __
2 Источник индекса okso
a Индекс другой классификации/Индекс ББК 28.03.01
100 Автор __
a Автор Пейсахович Ю.Г.
q Полное имя Пейсахович Юрий Григорьевич
u Дополнение Новосибирский государственный технический университет
245 Заглавие __
a Заглавие Физика конденсированного состояния
b Продолж. заглавия Учебник
c Ответственность Новосибирский государственный технический университет
250 Сведения об издании __
a Основные сведения об издании 1
260 Выходные данные __
a Место издания Новосибирск
b Издательство Новосибирский государственный технический университет (НГТУ)
c Дата издания 2025
300 Физическое описание __
a Объем 600 с.
520 Аннотация __
a Аннотация Учебник «Физика конденсированного состояния» содержит описание основ кристаллографии зонной теории электронных свойств и фононной теории упругих свойств кристаллических твердых тел описание представлений теории фазовых переходов магнитных и диэлектрических свойств вещества описание основ теории нормальных и сверхпроводящих металлов а также теории жидкого состояния вещества. Каждая глава сопровождается примерами в виде задач с решениями. Учебник предназначен для студентов РЭФ обучающихся по направлению 11.03.04 «Электроника и наноэлектроника» и 28.03.01«Нанотехнологии и микросистемная техника» дневной формы обучения. Будет также полезен аспирантам по направлениям 11.06.01 «Электроника радиотехника и системы связи» и 03.06.01 - «Физика и астрономия».
521 Примеч. о цел. назн. __
a Примеч. о целев. назн. ВО - Бакалавриат
650 Тематические рубрики __
a Основная рубрика Физико-математические науки
x Основная подрубрика Теоретическая физика
655 Указ. предметных рубрик (устаревшее) __
a Жанр/ форма (устаревшее) Учебник
700 Другие авторы __
a Другие авторы Филимонова Н.И.
q Полное имя Филимонова Нина Ивановна
856 Электронный адрес документа 4_
a Имя сервера/домена znanium.ru
m Помощь ebs_support@infra-m.ru
n Местонахождение сервера НИЦ ИНФРА-М
u URL https://znanium.ru/catalog/document?id=479183
856 Электронный адрес документа 48
a Имя сервера/домена znanium.ru
d Путь /cover/2244
f Электронное имя 2244508.jpg
q Тип электронного формата image/jpeg
u URL https://znanium.ru/cover/2244/2244508.jpg
911 __
u 0030=https://znanium.ru/catalog/document?id=479183